000
00309nam a22001457a 4500
008
210531b ||||| |||| 00| 0 eng d
020
_a
9780321179746
041
_a
eng
080
_a
371
082
_a
371
100
_a
46
101
_a
EDU
245
_a
Academic Writing
_c
Mulvaney,M.K
942
_2
udc
_c
BK
999
_c
57873
_d
57873